Sports Quiz

Random Sports Quiz

Most Goals - Newcastle United Quiz Stats

 Plays Quiz not verified by Sporcle

Support Sporcle.
Go Orange.
Score 0/28 Timer 05:00
0 Plays Today
Debut Player % Correct
1996Alan Shearer
98.9%
1995Les Ferdinand
90.9%
1943Jackie Milburn
88.6%
1993Andy Cole
83%
1983Peter Beardsley
79.5%
1971Malcolm McDonald
69.3%
1998*Shola Ameobi
67%
1992Rob Lee
67%
1921Tom McDonald
65.9%
1925Hughie Gallacher
60.2%
1989Mickey Quinn
46.6%
1962Bryan 'Pop' Robson
40.9%
1980Chris Waddle
37.5%
1949George Robledo
36.4%
Debut Player % Correct
1951Reg Davies
35.2%
1966Wyn Davies
35.2%
1953Len White
29.5%
1970John Tudor
13.6%
1949Bobby Mitchell
10.2%
1903Bill Appleyard
9.1%
1902Jock Rutherford
9.1%
1952Vic Keeble
9.1%
1908Albert Shepherd
6.8%
1920Stan Seymour
5.7%
1958Ivor Allchurch
5.7%
1908Jimmy Stewart
0%
1925Jimmy Boyd
0%
1933Billy Cairns
0%

You're not logged in!

Compare scores with friends on all Sporcle quizzes.
OR
Log In

From the Vault

Where Is That 'D' City? (USA)

by geronimostilton

It's either "duh" or "darned if we know."
Remove Ads.
Support Sporcle.
Get the best of Sporcle when you Go Orange. This ad-free experience offers more features, more stats, and more fun while also helping to support Sporcle. Thank you for becoming a member.

Show Comments

Extras

Top Quizzes Today


Score Distribution

Your Account Isn't Verified!

In order to create a playlist on Sporcle, you need to verify the email address you used during registration. Go to your Sporcle Settings to finish the process.

Report this User

Report this user for behavior that violates our Community Guidelines.

Details: